Caring for the aged.

Bibliographic Details
Main Author: Moss, Bertram B.
Other Authors: Kent, Fraser
Format: Book
Language:English
Published: [Place of publication not identified] : Doubleday, 1966.
Subjects:

MARC

Tag First Indicator Second Indicator Subfields
LEADER 00000cam a2200000 4500
001 in00000037698
005 20151007080550.0
008 720310s1966 eng u
010 |a  66012221  
035 |a (OCoLC)00260691 
035 |9 AAF5025AM 
040 |c WSU  |d TXA  |d UtOrBLW 
049 |a TXAM  |c [477112] 
050 0 |a HQ1061  |b .M64 
092 |a 301.435  |b M913c 
100 1 |a Moss, Bertram B. 
245 1 0 |a Caring for the aged. 
264 1 |a [Place of publication not identified] :  |b Doubleday,  |c 1966. 
300 |a 372 pages 
336 |a text  |b txt  |2 rdacontent 
337 |a unmediated  |b n  |2 rdamedia 
338 |a volume  |b nc  |2 rdacarrier 
650 0 |a Older people  |x Care. 
650 0 |a Older people  |z United States. 
700 1 |a Kent, Fraser. 
999 |a MARS 
999 f f |s 6ce0294b-b433-3d1a-85e3-32dc3ad9ca6a  |i 3335eaf8-2173-3039-a2f5-ba834f646ab8  |t 0 
952 f f |p ric  |a Texas A&M University  |b Rellis Campus  |c Joint Library Facility  |d Remote Storage  |t 0  |e HQ1061 .M64  |h Library of Congress classification  |i unmediated -- volume  |m A14800642859 
998 f f |a HQ1061 .M64  |t 0  |l Remote Storage